Fields virology : Vol.1= Emerging viruses; Vol.2=DNA viruses / (Record no. 136965)
[ view plain ]
| 000 -LEADER | |
|---|---|
| fixed length control field | 00504nam a22001697a 4500 |
| 005 - DATE AND TIME OF LATEST TRANSACTION | |
| control field | 20250221114253.0 |
| 008 - FIXED-LENGTH DATA ELEMENTS--GENERAL INFORMATION | |
| fixed length control field | 250221b |||||||| |||| 00| 0 eng d |
| 020 ## - INTERNATIONAL STANDARD BOOK NUMBER | |
| International Standard Book Number | 9781975112547 |
| 040 ## - CATALOGING SOURCE | |
| Transcribing agency | PK-LaUMT |
| 082 ## - DEWEY DECIMAL CLASSIFICATION NUMBER | |
| Classification number | 616.9101 |
| Item number | FIE- |
| 245 ## - TITLE STATEMENT | |
| Title | Fields virology : Vol.1= Emerging viruses; Vol.2=DNA viruses / |
| Statement of responsibility, etc | edited by Peter M. Howley and David M. Knipe |
| 250 ## - EDITION STATEMENT | |
| Edition statement | 7th ed. |
| 260 ## - PUBLICATION, DISTRIBUTION, ETC. (IMPRINT) | |
| Place of publication, distribution, etc | Philadelphia : |
| Name of publisher, distributor, etc | Wolters Kluwer, |
| Date of publication, distribution, etc | 2021 |
| 300 ## - PHYSICAL DESCRIPTION | |
| Extent | 2 vols. (826+739 p.) |
| 546 ## - LANGUAGE NOTE | |
| Language note | Eng |
| 942 ## - ADDED ENTRY ELEMENTS (KOHA) | |
| Koha item type | Books |
| Withdrawn status | Lost status | Damaged status | Home library | Current library | Date acquired | Full call number | Barcode | Date last seen | Copy number | Price effective from | Koha item type |
|---|---|---|---|---|---|---|---|---|---|---|---|
| UMT Health Sciences Campus | UMT Health Sciences Campus | 2025-02-21 | 616.9101 FIE- | 148865 | 2025-02-21 | Vol.2 | 2025-02-21 | Books | |||
| UMT Health Sciences Campus | UMT Health Sciences Campus | 2025-02-21 | 616.9101 FIE- | 148866 | 2025-02-21 | Vol.2,C.2 | 2025-02-21 | Books | |||
| UMT Health Sciences Campus | UMT Health Sciences Campus | 2025-02-21 | 616.9101 FIE- | 148867 | 2025-02-21 | Vol.1 | 2025-02-21 | Books | |||
| UMT Health Sciences Campus | UMT Health Sciences Campus | 2025-02-21 | 616.9101 FIE- | 148868 | 2025-02-21 | Vol.1,C.2 | 2025-02-21 | Books |
